Phải cảnh giác những loại rượu rởm, rượu tự nấu /

Αποθηκεύτηκε σε:
Λεπτομέρειες βιβλιογραφικής εγγραφής
Κύριος συγγραφέας: Kim Minh, BS.
Μορφή: Άρθρο
Γλώσσα:Vietnamese
Θέματα:
Ετικέτες: Προσθήκη ετικέτας
Δεν υπάρχουν, Καταχωρήστε ετικέτα πρώτοι!
Thư viện lưu trữ: Thư viện Trường Đại học Đà Lạt
LEADER 00738nam a2200265 4500
001 DLU090103063
005 ##20091229
040 # # |a DLU  |b vie 
041 # # |a vie 
044 # # |a vn 
100 # # |a Kim Minh,   |c BS. 
245 # # |a Phải cảnh giác những loại rượu rởm, rượu tự nấu /  |c Kim Minh. 
653 # # |a Chất độc 
653 # # |a Hàng giả 
653 # # |a Ngộ độc 
773 # # |t Cây thuốc quý  |g Số9(115), 2008, tr. 30-31 
920 # # |a Phòng Tạp chí -- Trung tâm Thông tin - Thư viện Trường Đại học Đà Lạt 
994 # # |a DLU 
900 # # |a True 
911 # # |a Nguyễn Thị Linh Chi 
925 # # |a G 
926 # # |a A 
927 # # |a BB 
980 # # |a Thư viện Trường Đại học Đà Lạt